000 00757nam a22002295i 4500
001 172367
003 ES-MaACL
005 20250827090646.0
008 090629s1946 sp |||| | spa d
080 _a821.111-14"19"
100 1 _aEliot, T. S.,
_d1888-1965
_946996
245 1 0 _aPoemas /
_cT. S. Eliot ; versiones de Dámaso Alonso ... [et al.] ; prólogo de Charles D. Ley.
260 _aMadrid :
_bEditorial Hispánica,
_c1946.
300 _a83 p. ;
_c15 cm.
490 1 _aAdonais ;
_v26
700 1 _aAlonso, Dámaso,
_d1898-1990
_920195
700 1 _aLey, Charles David,
_d1913-1996
_972088
830 0 0 _aAdonáis
_v26
_9173743
852 _aES-MaACL
_j2252-F-18
_9R.143349
852 _aES-MaACL
_jJ-23 (26)
999 _c172367
_d172367